| 000 | 01278nam a2200313 a 4500 | ||
|---|---|---|---|
| 001 | ebr10017895 | ||
| 003 | CaPaEBR | ||
| 006 | m u | ||
| 007 | cr cn||||||||| | ||
| 008 | 000626s2001 ctu sbe 001 0deng | ||
| 010 | _z 00057657 | ||
| 020 | _z0313311307 (alk. paper) | ||
| 040 |
_aCaPaEBR _cCaPaEBR |
||
| 035 | _a(OCoLC)55664201 | ||
| 050 | 1 | 4 |
_aPS1097.Z49 _bG35 2001eb |
| 082 | 0 | 4 |
_a813/.4 _221 |
| 100 | 1 |
_aGale, Robert L., _d1919- |
|
| 245 | 1 | 3 |
_aAn Ambrose Bierce companion _h[electronic resource] / _cRobert L. Gale. |
| 260 |
_aWestport, Conn. : _bGreenwood Press, _c2001. |
||
| 300 | _axx, 333 p. | ||
| 504 | _aIncludes bibliographical references (p. [311]-313) and index. | ||
| 533 |
_aElectronic reproduction. _bPalo Alto, Calif. : _cebrary, _d2013. _nAvailable via World Wide Web. _nAccess may be limited to ebrary affiliated libraries. |
||
| 600 | 1 | 0 |
_aBierce, Ambrose, _d1842-1914? _vEncyclopedias. |
| 650 | 0 |
_aAuthors, American _y19th century _vBiography _vEncyclopedias. |
|
| 650 | 0 |
_aJournalists _zUnited States _vBiography _vEncyclopedias. |
|
| 655 | 7 |
_aElectronic books. _2local |
|
| 710 | 2 | _aebrary, Inc. | |
| 856 | 4 | 0 |
_uhttp://site.ebrary.com/lib/rucke/Doc?id=10017895 _zAn electronic book accessible through the World Wide Web; click to view |
| 999 |
_c11867 _d11867 |
||